[Event "FISU World University"]
[Site "Tornelo INT"]
[Date "2020.10.28"]
[Round "9.31"]
[White "Wu, Yuxuan"]
[Black "Isakzhanov, Aibek"]
[Result "1-0"]
[WhiteElo "2152"]
[BlackElo "1801"]
[PlyCount "45"]
[EventDate "2020.10.26"]
[EventType "team-swiss (rapid)"]
[EventRounds "9"]
[EventCountry "NET"]
[SourceTitle "CBM 199 Extra"]
[Source "ChessBase"]
[SourceDate "2021.01.31"]
[SourceVersion "1"]
[SourceVersionDate "2021.01.31"]
[SourceQuality "1"]
[WhiteTeam "China V"]
[BlackTeam "Kyrgyzstan"]
[WhiteTeamCountry "CHN"]
[BlackTeamCountry "KGZ"]

1. b3 e5 2. Bb2 Nc6 3. e3 d6 4. Nf3 Nf6 5. d4 exd4 6. Nxd4 Nxd4 7. Qxd4 Be7 8. Nd2 0-0 9. Bd3 c5 10. Qf4 d5 11. 0-0-0 Be6 12. c4 Qa5 13. Kb1 a6 14. g4 dxc4 15. Nxc4 Bxc4 16. bxc4 Rfe8 17. g5 Nh5 18. Bxh7+ Kxh7 19. Qxf7 Qc7 20. Qxh5+ Kg8 21. g6 Bf6 22. Qh7+ Kf8 23. Bxf6 1-0